The Cranberries Charting Songs (Billboard Hot Rock) - Statistics

General Stats
  • This quiz has been taken 40 times
  • The average score is 4 of 5
Answer Stats
Album Weeks On Peak Artist(s) Song % Correct
No Need to Argue 12 Weeks #5 The Cranberries Zombie
100%
Everybody Else Is Doing It, So Why Can't We? 3 Weeks #6 The Cranberries Linger
92%
Everybody Else Is Doing It, So Why Can't We? 3 Weeks #7 The Cranberries Dreams
78%
No Need to Argue 1 Week #17 The Cranberries Ode to My Family
61%
To the Faithful Departed 1 Week #25 The Cranberries When You're Gone
28%
No matching quizzes found
Score Distribution
Percent of People with Each Score
Percentile by Number Answered
Your Score History
You have not taken this quiz